| 000 | 00665nam a22001817a 4500 | ||
|---|---|---|---|
| 003 | OSt | ||
| 005 | 20250318094844.0 | ||
| 008 | 240903b ||||| |||| 00| 0 eng d | ||
| 040 | _c0 | ||
| 082 | _aDPer 808.042 C686 June 2019 - February 2020, vol 70-71, no. 1-4. | ||
| 100 |
_aRallin, Aneil. _eauthor. _959959 |
||
| 245 |
_a"Can I get a witness?" : _bwriting with June Jordan / _cAneil Rallin. |
||
| 260 |
_aUSA ; _bNational Council of Teachers of English, _cJune 2019. |
||
| 300 | _aVolume 70, pages 615-633. | ||
| 500 | _aCollege composition & Communication, c. 70 n.4, pages 615-633, June 2019. | ||
| 700 |
_aRallin, Aneil. _eauthor. _959959 |
||
| 942 |
_2ddc _cPER |
||
| 999 |
_c21236 _d21236 |
||